[Event "Gibraltar Open"]
[Site "Caleta ENG"]
[Date "2012.01.25"]
[Round "1.53"]
[White "Al-Tamimi, Hamad"]
[Black "Baron, Tal"]
[Result "0-1"]
[BlackTitle "GM"]
[WhiteElo "2237"]
[BlackElo "2498"]
[WhiteFideId "12100285"]
[BlackFideId "2809958"]
[EventDate "2012.01.24"]

1. e4 c5 2. Nf3 e6 3. c3 d5 4. exd5 Qxd5 5. d4 Nf6 6. Bd3 Be7 7. O-O O-O 8. Be3
cxd4 9. cxd4 Nc6 10. Nc3 Qd6 11. a3 b6 12. Qe2 Bb7 13. Rad1 Rac8 14. Rfe1 Rfd8
15. Bb1 Nd5 16. Qd3 g6 17. Ne4 Qc7 18. Bg5 Ba8 19. Ba2 Kg7 20. Qe2 Rd7 21. Rd2
Rcd8 22. Red1 Qb7 23. Be3 Kg8 24. Bxd5 Rxd5 25. Nc3 Rh5 26. d5 Ne5 27. Ne1 exd5
28. Nxd5 Rxd5 29. Rxd5 Nf3+ 30. Qxf3 Rxd5 31. Qxd5 Qxd5 32. Rxd5 Bxd5 33. Bd4 f6
34. f3 Kf7 35. Kf2 Ke6 36. Ke3 Bb7 37. Nc2 h5 38. g3 Kd5 39. Kd3 Ba6+ 40. Kc3
Ke6 41. Kd2 Bd6 42. Nb4 Bb7 43. Ke3 g5 44. Na2 f5 45. Nc3 f4+ 46. Kf2 Bc6 47.
Ne2 fxg3+ 48. hxg3 Kd5 49. Be3 Be7 50. f4 g4 51. Nc3+ Kc4 52. Ke2 h4 53. gxh4
Bxh4 54. Kd2 Kb3 55. Bd4 g3 56. Ne2 g2 57. f5 Bd5 58. Ng1 Kc4 59. Be3 Bf6 60.
Kc1 Kb3 0-1

[Event "Gibraltar Open"]
[Site "Caleta ENG"]
[Date "2012.01.24"]
[Round "1.55"]
[White "Rowe, Duane"]
[Black "Dvirnyy, Daniyyl"]
[Result "0-1"]
[WhiteTitle "CM"]
[BlackTitle "IM"]
[WhiteElo "2236"]
[BlackElo "2492"]
[WhiteFideId "7400268"]
[BlackFideId "817570"]
[EventDate "2012.01.24"]

1. Nf3 Nf6 2. c4 g6 3. b3 Bg7 4. Bb2 O-O 5. e3 c5 6. Be2 Nc6 7. O-O d5 8. cxd5
Qxd5 9. Nc3 Qf5 10. Rc1 Rd8 11. Na4 b6 12. Bb5 Bb7 13. a3 Na5 14. Bc3 Nc6 15.
Qe2 e5 16. Nh4 Qe6 17. Bc4 Qe7 18. f4 Ne4 19. Nf3 exf4 20. exf4 Nxc3 21. Qxe7
Nxe7 22. Nxc3 Nf5 23. Nb1 Nd6 24. Be2 Ne4 25. Rce1 Bb2 26. f5 Kg7 27. Bc4 Nd6
28. fxg6 hxg6 29. Ng5 Bd4+ 30. Kh1 Nf5 31. Rxf5 gxf5 32. Nxf7 Re8 33. Rf1 b5 34.
Bxb5 Kxf7 0-1

[Event "Gibraltar Open"]
[Site "Caleta ENG"]
[Date "2012.01.24"]
[Round "1.56"]
[White "Cramling, Pia"]
[Black "Dunn, Andrew"]
[Result "1-0"]
[WhiteTitle "GM"]
[BlackTitle "CM"]
[WhiteElo "2491"]
[BlackElo "2233"]
[WhiteFideId "1700030"]
[BlackFideId "401960"]
[EventDate "2012.01.24"]

1. d4 d5 2. Nf3 Nf6 3. c4 e6 4. Nc3 c6 5. Bg5 h6 6. Bxf6 Qxf6 7. e3 Nd7 8. Bd3
g6 9. O-O dxc4 10. Bxc4 Bg7 11. Qe2 O-O 12. Rfd1 b5 13. Bb3 Bb7 14. Ne4 Qe7 15.
Rac1 Rad8 16. Nc5 Ba8 17. Nxd7 Rxd7 18. Rc5 Rc8 19. h4 e5 20. Rxe5 Bxe5 21. Nxe5
Rd5 22. Bxd5 cxd5 23. Qxb5 Qxh4 24. Qd7 Rf8 25. Rc1 Qh5 26. g3 1-0

[Event "Gibraltar Open"]
[Site "Caleta ENG"]
[Date "2012.01.24"]
[Round "1.57"]
[White "Benmesbah, Natacha"]
[Black "Muzychuk, Mariya"]
[Result "0-1"]
[WhiteTitle "WIM"]
[BlackTitle "IM"]
[WhiteElo "2228"]
[BlackElo "2483"]
[WhiteFideId "642002"]
[BlackFideId "14114550"]
[EventDate "2012.01.24"]

1. e4 c5 2. b3 Nc6 3. Bb2 e6 4. Nf3 a6 5. c4 Qc7 6. Be2 Nf6 7. Nc3 Bd6 8. d4
cxd4 9. Nxd4 Be5 10. Nxc6 bxc6 11. Bf3 c5 12. Qc2 Bb7 13. g3 Bd4 14. O-O h5 15.
Na4 Bxb2 16. Nxb2 h4 17. Qe2 d6 18. Rad1 O-O-O 19. Nd3 hxg3 20. fxg3 e5 21. b4
cxb4 22. c5 dxc5 23. Rc1 Kb8 24. Nxb4 Qb6 25. Nd5 Nxd5 26. exd5 Qd6 27. Be4 Rd7
28. Qe3 Rc7 29. Qg5 f6 30. Qe3 g6 31. Qc3 f5 32. Bg2 Rd8 33. Rfd1 e4 34. Qa5 Ka7
35. Rb1 c4 36. Qc3 Qc5+ 37. Kh1 Rxd5 38. Rxd5 Qxd5 39. Rc1 Qd3 40. Qf6 Rc6 41.
Qe7 c3 42. g4 c2 0-1

[Event "Gibraltar Open"]
[Site "Caleta ENG"]
[Date "2012.01.24"]
[Round "1.58"]
[White "Arnold, Marc T"]
[Black "Lind, Jan-Olof"]
[Result "1-0"]
[WhiteTitle "IM"]
[WhiteElo "2482"]
[BlackElo "2219"]
[WhiteFideId "2022320"]
[BlackFideId "1701193"]
[EventDate "2012.01.24"]

1. d4 Nf6 2. c4 g6 3. Nc3 Bg7 4. e4 d6 5. Nf3 O-O 6. h3 e5 7. d5 Na6 8. Be3 Nh5
9. Nh2 Qe8 10. Be2 Nf4 11. Bf3 f5 12. O-O Qe7 13. Re1 Qh4 14. Kh1 Nxh3 15. gxh3
f4 16. Bd2 Bxh3 17. Qe2 h5 18. Rg1 Rf6 19. Bg2 Bxg2+ 20. Kxg2 f3+ 21. Nxf3 Qg4+
22. Kh1 Qxf3+ 23. Qxf3 Rxf3 24. Rxg6 Kf7 25. Rag1 Bf8 26. R6g2 Rh3+ 27. Rh2
Rxh2+ 28. Kxh2 Be7 29. Be3 c6 30. a3 Nc7 31. Bg5 Bf6 32. Bxf6 Kxf6 33. Kh3 cxd5
34. exd5 Kf7 35. Rg5 Rh8 36. Kh4 Rc8 37. Rf5+ Kg6 38. Rxh5 Ne8 39. Rg5+ Kf7 40.
b3 a6 41. a4 Nf6 42. Kg3 Rh8 43. Kf3 Rh3+ 44. Rg3 Rh4 45. Ke3 Rh1 46. Kd2 Rf1
47. Rf3 Ke7 48. Nd1 Ne4+ 49. Ke2 Rh1 50. Re3 Rh4 51. a5 Kd7 52. Kd3 Nf6 53. Nc3
Ng4 54. Rf3 e4+ 55. Kxe4 Nxf2+ 56. Kf5 Ng4 57. Rg3 Nh6+ 58. Kg5 Rh2 59. Ne4 Ng8
60. Kf4 1-0

[Event "Gibraltar Open"]
[Site "Caleta ENG"]
[Date "2012.01.24"]
[Round "1.61"]
[White "Spence, David J"]
[Black "Hunt, Adam C"]
[Result "0-1"]
[BlackTitle "IM"]
[WhiteElo "2213"]
[BlackElo "2462"]
[WhiteFideId "407429"]
[BlackFideId "403970"]
[EventDate "2012.01.24"]

1. e4 c5 2. c3 d5 3. exd5 Qxd5 4. d4 g6 5. Nf3 Bg7 6. Na3 cxd4 7. Bc4 Qe4+ 8.
Be3 Nh6 9. cxd4 O-O 10. O-O Nf5 11. Qb3 Nd6 12. Bd3 Qg4 13. Rfe1 Nc6 14. d5 Na5
15. Qc2 Bf5 16. Bxf5 Qxf5 17. Qc7 Qxd5 18. Rad1 Qh5 19. Bg5 Nc6 20. Rxe7 Nf5 21.
Ree1 Bxb2 22. Qxb7 Ne5 23. Nxe5 Bxe5 24. h4 h6 25. Rd7 Rae8 26. Be7 Bf6 27. Bb4
Rxe1+ 28. Bxe1 Qe2 29. Bb4 Re8 30. Qxa7 Qxa2 31. h5 Qa1+ 32. Kh2 Be5+ 33. g3
Bxg3+ 0-1

[Event "Gibraltar Open"]
[Site "Caleta ENG"]
[Date "2012.01.24"]
[Round "1.62"]
[White "Womacka, Mathias"]
[Black "Urbina Perez, Juan Antonio"]
[Result "1/2-1/2"]
[WhiteTitle "GM"]
[BlackTitle "CM"]
[WhiteElo "2455"]
[BlackElo "2210"]
[WhiteFideId "4611390"]
[BlackFideId "2217368"]
[EventDate "2012.01.24"]

1. e4 c5 2. Nf3 d6 3. d4 cxd4 4. Nxd4 Nf6 5. Nc3 a6 6. Be2 e5 7. Nb3 Be7 8. O-O
O-O 9. Re1 Be6 10. Bf3 Qc7 11. a4 Rc8 12. a5 Nbd7 13. Nd2 b5 14. axb6 Nxb6 15.
Nf1 Nc4 16. Re2 Rab8 17. b3 Na3 18. Bb2 Nc4 19. Bc1 Na3 20. Bxa3 Qxc3 21. Ne3
Bf8 22. Rd2 Rb6 23. Ra2 g6 24. Bxd6 Bxd6 25. Rxd6 Rxd6 26. Qxd6 Qe1+ 27. Nf1
Nxe4 28. Bxe4 Qxe4 29. Qd2 Qd4 30. h3 Rc3 31. Qe2 Bc8 32. Ne3 Bb7 33. Ra4 Qd7
34. Rb4 Rc7 35. c4 Qd4 36. Qg4 Qd8 37. Ra4 Bc8 38. Qe4 Qd6 39. Qa8 Kg7 40. Qb8
Bb7 41. c5 Qd7 42. Rc4 f6 43. b4 Bc6 44. h4 Bb5 45. Rc1 Rb7 46. Qa8 Ra7 47. Qe4
Bc6 48. Qc4 Bb5 49. Qb3 Qc6 50. Nc4 Bxc4 51. Qxc4 Rd7 52. Ra1 Rd4 53. Qxa6 Qxa6
54. Rxa6 Rxb4 55. Ra7+ Kh6 56. g3 Rc4 57. Rc7 g5 58. hxg5+ Kxg5 59. Kf1 Rc2 1/2-1/2

[Event "Gibraltar Open"]
[Site "Caleta ENG"]
[Date "2012.01.24"]
[Round "1.65"]
[White "Dolgova, Olga"]
[Black "Khurtsidze, Nino"]
[Result "1/2-1/2"]
[WhiteTitle "WIM"]
[BlackTitle "IM"]
[WhiteElo "2206"]
[BlackElo "2444"]
[WhiteFideId "4158296"]
[BlackFideId "13600320"]
[EventDate "2012.01.24"]

1. d4 Nf6 2. c4 e6 3. Nf3 d5 4. g3 Bb4+ 5. Bd2 Be7 6. Bg2 c6 7. b3 Nbd7 8. O-O
O-O 9. Qc2 b6 10. Bc3 Bb7 11. Nbd2 c5 12. Rad1 Rc8 13. Qb1 Qc7 14. Bb2 Rfd8 15.
cxd5 Bxd5 16. e4 Bc6 17. Rfe1 b5 18. dxc5 Bxc5 19. b4 Bb6 20. Bd4 e5 21. Bxb6
Nxb6 22. Rc1 Qe7 23. Bh3 Bd7 24. Bxd7 Nfxd7 25. Qb3 Nf8 26. Nf1 Rc4 27. Ne3 Rxe4
28. Nf5 Rxe1+ 29. Rxe1 Qd7 30. g4 Nc4 31. Nxe5 Nxe5 32. Rxe5 Ng6 33. Re4 h5 34.
h3 Rc8 35. Qe3 Qd1+ 36. Qe1 Qxe1+ 37. Rxe1 hxg4 38. Nd6 Rc6 39. Re8+ Kh7 40.
Nxf7 gxh3 41. Ng5+ Kh6 42. Nxh3 Ra6 43. Rb8 Ra3 44. Kh2 a6 45. Rb6 Kh5 46. f3
Rxa2+ 47. Kg3 Ra3 48. Rd6 Ra4 49. Rd5+ Kh6 50. Kg4 Ne7 51. Rd6+ g6 52. f4 Rxb4
53. Ng5 Ng8 54. Rxa6 Rb3 55. Rb6 Rb1 56. Rb7 Nf6+ 57. Kh4 Rh1+ 58. Kg3 Rg1+ 59.
Kh4 Rg4+ 60. Kh3 Rxf4 61. Nf7+ Kg7 62. Ne5+ Kg8 63. Rb8+ Kg7 64. Rb7+ Kh6 65.
Nf7+ Kh5 66. Rxb5+ Rf5 67. Rxf5+ gxf5 68. Kg3 1/2-1/2

[Event "Gibraltar Open"]
[Site "Caleta ENG"]
[Date "2012.01.24"]
[Round "1.66"]
[White "Cernousek, Lukas"]
[Black "Zygouris, Hristos"]
[Result "0-1"]
[WhiteTitle "IM"]
[WhiteElo "2438"]
[BlackElo "2205"]
[WhiteFideId "311707"]
[BlackFideId "4200292"]
[EventDate "2012.01.24"]

1. d4 Nf6 2. c4 e6 3. g3 d5 4. Nf3 dxc4 5. Bg2 Bb4+ 6. Bd2 a5 7. Qc2 Bxd2+ 8.
Qxd2 c6 9. a4 Ne4 10. Qc2 Nd6 11. Ne5 Na6 12. Na3 Nb4 13. Qc3 O-O 14. O-O f6 15.
Nexc4 b6 16. Rfd1 Ba6 17. e4 Nxc4 18. Nxc4 Bxc4 19. Qxc4 Qe8 20. Bh3 f5 21. Bxf5
Rf6 22. Bh3 Kh8 23. Qe2 Qf7 24. Rd2 Rf8 25. Bg2 g5 26. Rf1 Qg6 27. f3 h5 28. Qe3
h4 29. Bh3 hxg3 30. hxg3 Kg7 31. Rh2 Rh8 32. Rff2 Rff8 33. Bg4 Qf6 34. e5 Qg6
35. Qe4 Qxe4 36. fxe4 Rxh2 37. Rxh2 Rd8 38. Rd2 c5 39. d5 exd5 40. e6 d4 41. Rf2
Rf8 42. Rf5 c4 43. Rxg5+ Kf6 44. Rh5 c3 45. bxc3 dxc3 46. e5+ Kg6 47. Rh1 Kg5
48. Be2 Nd5 49. Rh5+ Kg6 50. Rh2 Rc8 51. Bd3+ Kg5 52. Bc2 Ne3 53. Re2 Nf5 54.
Rf2 Nd4 55. Kg2 Re8 56. Bd3 Rxe6 57. Rf4 c2 58. Rf1 Rxe5 59. Kf2 Kf6 60. g4 Kg5
61. Rg1 Kf4 62. Rc1 Re3 63. Bf5 Re2+ 64. Kf1 Ke3 0-1

[Event "Gibraltar Open"]
[Site "Caleta ENG"]
[Date "2012.01.24"]
[Round "1.67"]
[White "Groffen, Hans"]
[Black "Raznikov, Danny"]
[Result "0-1"]
[BlackTitle "IM"]
[WhiteElo "2204"]
[BlackElo "2436"]
[WhiteFideId "1004140"]
[BlackFideId "2811154"]
[EventDate "2012.01.24"]

1. d4 Nf6 2. c4 c5 3. d5 b5 4. cxb5 a6 5. e3 axb5 6. Bxb5 Qa5+ 7. Nc3 Bb7 8. Bd2
Qb6 9. Nf3 Nxd5 10. Nxd5 Bxd5 11. a4 Qg6 12. O-O e6 13. Re1 Be7 14. Bc3 O-O 15.
Bf1 Nc6 16. Ne5 Nxe5 17. Bxe5 f5 18. g3 d6 19. Bc3 Rfb8 20. Qd2 Qe8 21. a5 Qc6
22. f4 Bf6 23. Ra3 Bxc3 24. Qxc3 Rb4 25. Re2 Rc4 26. Qd2 Ra4 27. Rxa4 Qxa4 28.
Bg2 Bxg2 29. Kxg2 d5 30. Qc3 Rxa5 31. Qe5 Qe4+ 32. Kf2 Qxe5 33. fxe5 Rb5 34. Rc2
c4 35. h4 Kf7 36. Kf3 Rb4 37. Kf2 Kg6 38. Kf3 Kh5 39. Rg2 Rb3 40. Rd2 h6 0-1

[Event "Gibraltar Open"]
[Site "Caleta ENG"]
[Date "2012.01.24"]
[Round "1.68"]
[White "Duport, Nicolas"]
[Black "Pietinen, Pekka"]
[Result "1-0"]
[WhiteElo "2200"]
[BlackElo "2008"]
[WhiteFideId "1314424"]
[BlackFideId "502545"]
[EventDate "2012.01.24"]

1. e4 e5 2. Nf3 Nc6 3. Bb5 a6 4. Ba4 Nge7 5. O-O d6 6. c3 Bd7 7. d4 Ng6 8. Be3
Be7 9. d5 Nb8 10. c4 h6 11. Bxd7+ Nxd7 12. Qd2 Nf6 13. Qc2 Ng4 14. Qa4+ Qd7 15.
Qxd7+ Kxd7 16. Bd2 Nf6 17. Nc3 Nh7 18. g3 Bg5 19. Nxg5 hxg5 20. f3 Ne7 21. Rac1
g6 22. Kg2 f6 23. Be3 f5 24. c5 f4 25. cxd6 Kxd6 26. Bd2 b5 27. Nd1 c5 28. dxc6
Nxc6 29. Nf2 Rhc8 30. Rfd1 Ke7 31. Nd3 Nf6 32. h4 Nh5 33. g4 Ng7 34. hxg5 Ne6
35. Bc3 Nxg5 36. Nxe5 Nxe5 37. Bxe5 Ne6 38. Kf2 Rxc1 39. Rxc1 Rd8 40. Rc6 Rd2+
41. Ke1 Rd3 42. Ke2 Re3+ 43. Kf2 g5 44. Rxa6 Rd3 45. Ra7+ Ke8 46. b4 Nd4 47.
Bxd4 Rxd4 48. a3 Rd2+ 49. Ke1 Rd3 50. Ke2 Re3+ 51. Kf2 Rb3 52. Rg7 Rxa3 53. Rxg5
Ra2+ 54. Ke1 Ra3 55. Ke2 Ra2+ 56. Kd3 Ra3+ 57. Kd4 Rxf3 58. Rxb5 Rg3 59. g5 1-0

[Event "Gibraltar Open"]
[Site "Caleta ENG"]
[Date "2012.01.24"]
[Round "1.69"]
[White "Kleinert, Juergen"]
[Black "Kyas, Juergen"]
[Result "1/2-1/2"]
[WhiteElo "2004"]
[BlackElo "2195"]
[WhiteFideId "4659180"]
[BlackFideId "4618157"]
[EventDate "2012.01.24"]

1. e4 c5 2. c3 d5 3. exd5 Qxd5 4. d4 e6 5. Na3 Bd7 6. Nb5 Bxb5 7. Bxb5+ Nc6 8.
Nf3 cxd4 9. Bxc6+ Qxc6 10. Qxd4 Rd8 11. Qe3 Bc5 12. Qe2 Nf6 13. Bg5 O-O 14. O-O
Be7 15. Rfd1 h6 16. Bh4 Rxd1+ 17. Rxd1 Rd8 18. Rxd8+ Bxd8 19. h3 Bb6 20. Bxf6
gxf6 21. Nh2 f5 22. Nf3 Qe4 23. Qxe4 fxe4 24. Ne5 f5 25. Kf1 Bc7 26. Nc4 Kf7 27.
a4 e5 28. Ke2 Ke6 29. g4 f4 30. Nd2 Kd5 31. f3 exf3+ 32. Kxf3 Bd8 33. b3 Bh4 34.
Ne4 Be7 35. Nd2 1/2-1/2

[Event "Gibraltar Open"]
[Site "Caleta ENG"]
[Date "2012.01.24"]
[Round "1.69"]
[White "Tscharotschkin, Michael"]
[Black "Salomon, Johan"]
[Result "1/2-1/2"]
[WhiteElo "2195"]
[BlackElo "2002"]
[WhiteFideId "4619510"]
[BlackFideId "1509500"]
[EventDate "2012.01.24"]

1. e4 c5 2. c3 g6 3. d4 cxd4 4. cxd4 d5 5. e5 Nc6 6. Nc3 Bg7 7. Nf3 Bg4 8. Be3
Qd7 9. Be2 h5 10. Qb3 Nh6 11. Qxd5 Qxd5 12. Nxd5 O-O-O 13. Nc3 Bxf3 14. Bxf3
Nxd4 15. Bxd4 Rxd4 16. e6 fxe6 17. O-O Kb8 18. Rfe1 e5 19. Be4 Nf5 20. a4 Rc8
21. Re2 a6 22. f3 Rd6 23. Kf2 Nd4 24. Rd2 g5 25. Rad1 Bh6 26. Ne2 Rc4 27. b3 Rb4
28. Rd3 g4 29. Nxd4 Rbxd4 30. Rxd4 exd4 31. fxg4 1/2-1/2

[Event "Gibraltar Open"]
[Site "Caleta ENG"]
[Date "2012.01.24"]
[Round "1.72"]
[White "Weeramantry, Sunil"]
[Black "Spanton, Tim R"]
[Result "1-0"]
[WhiteTitle "FM"]
[WhiteElo "2183"]
[BlackElo "1984"]
[WhiteFideId "9900055"]
[BlackFideId "404802"]
[EventDate "2012.01.24"]

1. e4 e6 2. d4 d5 3. Nc3 dxe4 4. Nxe4 Nf6 5. Bd3 Nc6 6. c3 Be7 7. Nf3 O-O 8. Qe2
Re8 9. O-O a5 10. Rd1 Bd7 11. Ne5 a4 12. Nxf6+ Bxf6 13. Bxh7+ Kxh7 14. Qh5+ Kg8
15. Qxf7+ Kh7 16. Rd3 Nxe5 17. dxe5 Rf8 18. Rh3+ Bh4 19. Qh5+ Kg8 20. Rxh4 Rf5
21. Qh7+ Kf7 22. Rg4 Qh8 23. Qg6+ Kf8 24. Bg5 Rxe5 25. Rf4+ Rf5 26. Rd1 Be8 27.
Qxe6 Rxf4 28. Be7# 1-0

[Event "Gibraltar Open"]
[Site "Caleta ENG"]
[Date "2012.01.24"]
[Round "1.73"]
[White "Obiamiwe, Paul"]
[Black "De Graaf, Dick"]
[Result "0-1"]
[WhiteElo "1982"]
[BlackElo "2183"]
[WhiteFideId "8500215"]
[BlackFideId "1005677"]
[EventDate "2012.01.24"]

1. e4 e5 2. Nf3 Nc6 3. Bb5 Bc5 4. c3 Nf6 5. O-O O-O 6. d4 Bb6 7. Bg5 h6 8. Bxf6
Qxf6 9. Bxc6 Qxc6 10. Nxe5 Qxe4 11. Nd2 Qf5 12. Ndc4 d6 13. Ne3 Qe4 14. N5c4 Be6
15. Re1 Rfe8 16. Qd2 Qf4 17. a4 Bxc4 18. Nxc4 Qxd2 19. Nxd2 c6 20. a5 Rxe1+ 21.
Rxe1 Bxa5 22. Re7 b5 23. Rd7 d5 24. Rd6 Rc8 25. b4 Bc7 26. Rd7 a5 27. bxa5 Bxa5
28. Nb1 b4 29. cxb4 Bxb4 30. g3 Re8 31. Kg2 Re1 32. Rc7 Rxb1 33. Rxc6 Rd1 34.
Rc8+ Kh7 35. Rd8 Rxd4 36. Kf3 Kg6 37. Rd7 Rd1 38. Rb7 Bc3 39. h4 h5 40. Rc7 Bf6
41. Ke2 Rg1 42. Rd7 d4 43. Kf3 Re1 44. Rd5 Re8 45. Rb5 Rd8 46. Rb1 d3 47. Rd1
Be7 48. Ke4 d2 49. Ke3 Ba3 50. Rxd2 Bc1 0-1

[Event "Gibraltar Open"]
[Site "Caleta ENG"]
[Date "2012.01.24"]
[Round "1.74"]
[White "Seps, Monika"]
[Black "Mihajlov, Sebastian"]
[Result "1-0"]
[WhiteTitle "WIM"]
[WhiteElo "2182"]
[BlackElo "1974"]
[WhiteFideId "1308521"]
[BlackFideId "1512110"]
[EventDate "2012.01.24"]

1. e4 e5 2. Nf3 Nc6 3. Nc3 Nf6 4. Bb5 d6 5. d4 exd4 6. Nxd4 Bd7 7. O-O Nxd4 8.
Qxd4 Bxb5 9. Nxb5 a6 10. Nc3 Be7 11. b3 Nd7 12. Qxg7 Bf6 13. Qg3 c6 14. Bb2 Be5
15. f4 Bd4+ 16. Kh1 Qf6 17. e5 dxe5 18. Ne4 Qe7 19. Bxd4 exd4 20. f5 f6 21. Rae1
Kf8 22. Ng5 Ne5 23. Ne6+ Ke8 24. Rxe5 fxe5 25. Qxe5 1-0

[Event "Gibraltar Open"]
[Site "Caleta ENG"]
[Date "2012.01.24"]
[Round "1.77"]
[White "Marano, Salvatore"]
[Black "Vanparys, Philip"]
[Result "1/2-1/2"]
[WhiteElo "1967"]
[BlackElo "2174"]
[WhiteFideId "814962"]
[BlackFideId "202975"]
[EventDate "2012.01.24"]

1. e4 d6 2. Nc3 Nf6 3. d4 g6 4. Be3 c6 5. g3 Bg7 6. h3 Nbd7 7. Bg2 O-O 8. Nge2
e5 9. dxe5 dxe5 10. O-O Qe7 11. g4 b5 12. Ng3 b4 13. Na4 Rd8 14. Qc1 Ba6 15. Rd1
Bb5 16. b3 Bxa4 17. bxa4 Nb6 18. Rxd8+ Rxd8 19. a3 bxa3 20. Qxa3 Qxa3 21. Rxa3
Bf8 22. Ra1 Bb4 23. Bf1 Bc3 24. Rb1 Nxa4 25. Bxa7 Rd2 26. Bc4 Nb2 27. Bb3 Nd1
28. Bc4 Nb2 29. Bb3 Rd7 30. Be3 Nd1 31. Bc5 Nb2 32. Ra1 Kg7 33. Ra8 Ng8 34. g5
Bd4 1/2-1/2

[Event "Gibraltar Open"]
[Site "Caleta ENG"]
[Date "2012.01.24"]
[Round "1.78"]
[White "Amos, Frank"]
[Black "Becking, Franz Josef"]
[Result "1-0"]
[WhiteElo "2171"]
[BlackElo "1956"]
[WhiteFideId "4635442"]
[BlackFideId "4632540"]
[EventDate "2012.01.24"]

1. e4 e6 2. d4 d5 3. exd5 exd5 4. Bd3 Bd6 5. Qf3 Nf6 6. h3 Be6 7. Bg5 h6 8. Bxf6
Qxf6 9. Qxf6 gxf6 10. Ne2 Nc6 11. c3 O-O-O 12. Nd2 Rde8 13. Nf3 Ne7 14. Nh4 Kd8
15. g3 Rhg8 16. Kf1 c5 17. Rd1 c4 18. Bh7 Rg7 19. Bc2 b5 20. f4 Bd7 21. Kf2 a5
22. Kf3 b4 23. g4 a4 24. Ng3 b3 25. axb3 axb3 26. Bb1 f5 27. Bxf5 Nxf5 28. Nhxf5
Rg6 29. Rhe1 Rxe1 30. Rxe1 Bf8 31. Ra1 Kc7 32. Ra7+ Kc6 33. Ra8 Bd6 34. Ra6+ Kc7
35. Nxd6 Rxd6 36. Rxd6 Kxd6 37. h4 Ke7 38. f5 f6 39. Kf4 Be8 40. g5 hxg5+ 41.
hxg5 Bf7 42. Nf1 Be8 43. Ne3 Bc6 44. Ng4 fxg5+ 45. Kxg5 Be8 46. Ne5 Bb5 47. Kg6
Be8+ 48. Kg7 Bh5 49. Ng6+ 1-0

[Event "Gibraltar Open"]
[Site "Caleta ENG"]
[Date "2012.01.24"]
[Round "1.79"]
[White "Lochte, Szilvia"]
[Black "Adler, Bo"]
[Result "0-1"]
[WhiteElo "1956"]
[BlackElo "2167"]
[WhiteFideId "708410"]
[BlackFideId "1702149"]
[EventDate "2012.01.24"]

1. d4 d5 2. Bf4 Nf6 3. e3 c5 4. c3 Qb6 5. Qb3 Nc6 6. Nd2 e6 7. Ngf3 Qa5 8. Be2
Be7 9. h3 O-O 10. O-O a6 11. Qc2 cxd4 12. exd4 Bd7 13. Ne5 Rfc8 14. Nxc6 Bxc6
15. a4 Be8 16. Bd3 Qd8 17. a5 Bb5 18. Rfe1 Bxd3 19. Qxd3 Ne8 20. Nf3 Nd6 21. Nd2
Nc4 22. Nxc4 Rxc4 23. Qg3 Bf8 24. h4 Rc6 25. h5 Bd6 26. Bxd6 Qxd6 27. Qg4 Re8
28. Re3 Rc7 29. Rae1 h6 30. Rg3 f6 31. Qg6 Rf8 32. Ree3 Kh8 33. Re1 Re7 34. Qg4
e5 35. dxe5 fxe5 36. Qe2 Rf6 37. Rd1 e4 38. Qd2 Re5 39. Qe2 Ref5 40. Qg4 Qf8 41.
Rd2 Qf7 42. c4 Rxf2 43. Rxd5 Rf1+ 44. Kh2 R1f4 45. Qe2 Qc7 46. Kh3 Rf1 47. Rd1
R6f2 48. Qg4 Rf4 49. Qg6 Qd7+ 50. Qg4 Rxd1 0-1

[Event "Gibraltar Open"]
[Site "Caleta ENG"]
[Date "2012.01.24"]
[Round "1.80"]
[White "Daoudi, Kamal"]
[Black "Johnsen, Kjell Magne"]
[Result "1-0"]
[WhiteElo "2165"]
[BlackElo "1950"]
[WhiteFideId "9001069"]
[BlackFideId "1505319"]
[EventDate "2012.01.24"]

1. e4 e6 2. d4 d5 3. e5 c5 4. c3 Nc6 5. Nf3 Bd7 6. a3 f6 7. Bd3 Qc7 8. Bf4 O-O-O
9. O-O h6 10. Bg3 f5 11. dxc5 g5 12. h3 f4 13. Bh2 Nxe5 14. Nxe5 Qxe5 15. Re1
Qc7 16. b4 Bg7 17. Ra2 h5 18. c4 d4 19. Nd2 Nf6 20. Kh1 g4 21. Nb3 g3 22. fxg3
fxg3 23. Bg1 e5 24. b5 Bg4 25. Qc2 Qd7 26. Na5 e4 27. Bxe4 Nxe4 28. Qxe4 Rde8
29. c6 bxc6 30. bxc6 Qf7 31. Qb1 Rxe1 32. Qxe1 Re8 33. Qxg3 Be5 34. Qh4 Qf4 35.
hxg4 hxg4 36. Rf2 Qe4 37. c5 Rh8 38. Qxh8+ Bxh8 39. Rf8+ Kc7 40. Rxh8 g3 41. Rh3
Qd3 42. Rxg3 Qxg3 43. Bh2 Qxh2+ 44. Kxh2 d3 45. Nb3 1-0

[Event "Gibraltar Open"]
[Site "Caleta ENG"]
[Date "2012.01.24"]
[Round "1.81"]
[White "Zachariassen, John"]
[Black "Walton, Alan J"]
[Result "1/2-1/2"]
[BlackTitle "CM"]
[WhiteElo "1949"]
[BlackElo "2161"]
[WhiteFideId "1405535"]
[BlackFideId "409898"]
[EventDate "2012.01.24"]

1. c4 f5 2. Nf3 Nf6 3. g3 d6 4. Bg2 e5 5. d3 Be7 6. O-O O-O 7. Nc3 Nc6 8. Rb1
Qe8 9. b4 Qh5 10. b5 Nd8 11. Nd5 Nxd5 12. cxd5 Nf7 13. a4 g5 14. a5 b6 15. Bd2
f4 16. Qc1 Bd8 17. d4 Bh3 18. dxe5 dxe5 19. Bb4 Bxg2 20. Kxg2 g4 21. Ng1 Bg5 22.
Qxc7 Rfc8 23. Qd7 Rd8 24. Qe6 Re8 25. Qf5 bxa5 26. Ba3 Rad8 27. Rfd1 Nh6 28. Qe4
Qf7 29. b6 axb6 30. Rxb6 Nf5 31. d6 Rd7 32. Rdb1 Qg6 33. Qc6 Qe6 34. Rb7 Red8
35. Rxd7 Rxd7 36. Qa8+ Kg7 37. Qxa5 Nxd6 38. Bxd6 Rxd6 39. Rb7+ Be7 40. gxf4
exf4 41. Qg5+ Kf7 42. Qxf4+ Kg6 43. Rb4 h5 44. Qe4+ 1/2-1/2

[Event "Gibraltar Open"]
[Site "Caleta ENG"]
[Date "2012.01.24"]
[Round "1.82"]
[White "Vinas Guerrero, Carlos A."]
[Black "Reppen, Ellisiv"]
[Result "1-0"]
[WhiteElo "2160"]
[BlackElo "1948"]
[WhiteFideId "2216868"]
[BlackFideId "1504959"]
[EventDate "2012.01.24"]

1. e4 e5 2. Nf3 Nc6 3. Bb5 a6 4. Ba4 Nf6 5. d4 exd4 6. e5 Ne4 7. O-O Be7 8. Nxd4
Nxd4 9. Qxd4 Nc5 10. Nc3 Nxa4 11. Qxa4 O-O 12. Bf4 b5 13. Qe4 Rb8 14. Rad1 Bb7
15. Qf5 Bc6 16. Rfe1 Qc8 17. Qh5 f6 18. Nd5 Bxd5 19. Rxd5 fxe5 20. Bxe5 Bf6 21.
Bxf6 Rxf6 22. Rde5 g6 23. Qh4 Qf8 24. Re7 Rf7 25. h3 h5 26. Qg5 Rxe7 27. Rxe7
Rb6 28. Qd5+ Kh8 29. Qxd7 Rd6 30. Qe8 Rd1+ 31. Kh2 Rd8 32. Qxf8+ Rxf8 33. Kg3
h4+ 34. Kxh4 Rxf2 35. g4 Rxc2 36. Kg5 Rc6 37. Kh6 Kg8 38. Rg7+ Kf8 39. Rxg6 Rc2
40. h4 c5 41. Rxa6 Rxb2 42. g5 c4 43. g6 Rg2 44. Ra8+ Ke7 45. g7 Kf7 46. Rf8+ 1-0

[Event "Gibraltar Open"]
[Site "Caleta ENG"]
[Date "2012.01.24"]
[Round "1.83"]
[White "Frey, Matthias"]
[Black "Lipecki, Alexander"]
[Result "0-1"]
[WhiteElo "1941"]
[BlackElo "2159"]
[WhiteFideId "1315030"]
[BlackFideId "1303511"]
[EventDate "2012.01.24"]

1. e4 g6 2. d4 Bg7 3. f4 d6 4. Nf3 Nf6 5. Nc3 O-O 6. Be2 b6 7. Be3 Bb7 8. Qd3
Nc6 9. a3 e6 10. O-O-O Ne7 11. Nd2 Nd7 12. Rhg1 c5 13. Nb3 a6 14. dxc5 Nxc5 15.
Nxc5 dxc5 16. Bf3 Bc6 17. Qe2 Qc7 18. g4 Qb7 19. Bd2 b5 20. b4 a5 21. Na2 axb4
22. Nxb4 Rxa3 0-1